LEADER 01092nam a2200241 i 4500 001 000000061169 003 CaOOAMICUS 005 20140611000000.0 008 140611s1960 xx u000 u fre u 013 $a32341 040 $aSeMil$bita 100 1 $aHausherr, Irénée .$0(OLS)http://semarc/name/31073 245 10$aNoms du Christ et voies d'oraison /$cIrénée Hausherr S. I. Professeur à l'Institut Pontifical d'Études Orientales. 260 $aRoma :$bPontificium Institutum Orientalium Studiorum,$c1960. 300 $a314 p. ;$c24 cm. 490 0 $aOrientalia Christiana Analecta ;$v157 500 $aContiene : Appendice ; Bibliographie. 600 04$aGesù Cristo.$0(OLS)http://semarc/subject/712 830 0$aOrientalia Christiana Analecta ;$v157.$0(OLS)http://semarc/title/100 850 $aSeMil 852 $aSeMil$W1$xVenegono$y1$m2K IV 194$j27322$B27322$CSeMilBibl$Z2$F27325 $81 996 $6245$aNoms du Christ et voies d'oraison$9(OLS)http://semarc/title/96058 996 $6260$aRoma :$bPontificium Institutum Orientalium Studiorum$9(OLS)http://semarc/publisher/29660 LEADER 01030nam a2200253 i 4500 001 000000240900 003 CaOOAMICUS 005 20260302145211.0 008 150415s1966 it u000 u ita u 013 $a219805 040 $aSeMil$bita 100 1 $aScheler, Max,$d<1874-1928>.$0(OLS)http://semarc/name/7920 240 10$aProbleme einer Soziologie des Wissens.$0(OLS)http://semarc/title/342477 245 10$aSociologia del sapere /$cMax Scheler ; Introduzione di Gianfranco Morra. 260 $aRoma :$bAbete,$cstampa 1966. 300 $aLXI, 225 p. ;$c25 cm. 490 0 $aStudi contemporanei ;$v4 700 1 $aMorra, Gianfranco,$d<1930-2021>.$0(OLS)http://semarc/name/5075 830 0$aStudi contemporanei ;$v4.$0(OLS)http://semarc/title/8022 850 $aSeMil 852 $aSeMil$W1$xVenegono$y1$m3N III 185$j191246$B191246$CSeMilBibl$Z2$F202074 $81 996 $6245$aSociologia del sapere$9(OLS)http://semarc/title/342476 996 $6260$aRoma :$bAbete$9(OLS)http://semarc/publisher/31434